000 00298nam a2200121 a 4500
005 20141022141959.0
008 120306s19uu xx 00 eng d
050 _aDVD-ROM
_bM61 2005
100 _aMiller, Robin
245 _aPoint & click linux /
_cRobin Miller.
260 _c2005.
942 _cAVM
999 _c276143
_d276143